| 000 | 00860nam a22002177a 4500 | ||
|---|---|---|---|
| 999 |
_c10260 _d10260 |
||
| 003 | AR-CdUCM | ||
| 008 | 190329b ||||| |||| 00| 0 spa d | ||
| 040 |
_aMUNICIPALIDAD PROVINCIAL DEL CUSCO _cBIBLIOTECA MUNICIPAL DEL CUSCO |
||
| 082 |
_a869.624 / _bM23I / 1965 |
||
| 100 |
_aMata Ordoñez, Gonzalo Humberto _927010 |
||
| 245 | _aIlena Espinel, José María Egas el laurel Angélico y dos S.J. / | ||
| 260 |
_aEcuador : _bBiblioteca Cenit, _c1965. |
||
| 300 |
_a44 páginas ; _c16.5 cm. |
||
| 505 | _aRevisión del poeta José María Egas por un artículo de Ileana Espinel y la acometida de Jorge Chacón S.J. | ||
| 650 |
_aLiteratura ecuatoriana _911889 |
||
| 650 |
_aAutores ecuatorianos _915601 |
||
| 650 |
_aPoetas ecuatorianos _923698 |
||
| 650 |
_aLiteratura - Ecuador - Crítica _927011 |
||
| 942 |
_2ddc _cLIBROS |
||
| 945 |
_apjha _d2019-05-14 |
||